The 30 Biggest Soccer Clubs in the World - Ranked - Statistics

General Stats
  • This quiz has been taken 33 times
  • The average score is 21 of 30
Answer Stats
# Club % Correct
9. Chelsea
100%
7. Manchester City
100%
3. Manchester United
100%
1. Real Madrid
100%
11. Arsenal
96%
2. Barcelona
96%
5. Bayern Munich
93%
6. Juventus
89%
4. Liverpool
89%
10. Paris Saint-Germain
89%
8. AC Milan
86%
12. Inter Milan
86%
15. Atlético Madrid
79%
13. Borussia Dortmund
79%
16. Tottenham Hotspur
75%
14. Ajax
71%
17. AS Roma
71%
24. Porto FC
71%
18. S.L. Benfica
71%
29. Marseille
61%
19. Napoli
57%
30. Aston Villa
50%
22. Celtic
46%
23. Galatasaray
39%
28. Newcastle United
39%
25. Rangers
39%
20. Boca Juniors
36%
26. Flamengo
25%
21. River Plate
25%
27. Fenerbahce
14%
No matching quizzes found
Score Distribution
Percent of People with Each Score
Percentile by Number Answered
Your Score History
You have not taken this quiz